000 00670nam a2200217 a 4500
001 000009955
003 OSt
005 20240412074214.0
008 091002s1975 dr r 000 p spa d
040 _aDO-SdBNP
_bspa
_cBNPHU
082 _aRD861.44
_bC334v
100 1 _aCasals Pastoriza, Tomás
_923663
245 1 0 _aVersos en el camino :
_bde la Geisha al Hippie /
_cTomás Casals Pastoriza.
260 _aSanto Domingo :
_bEducativa Dominicana,
_c1975.
300 _a43 p. ;
_c21 cm.
590 _aInventariado, 2018/BT
650 0 _aPoesía dominicana
_966
650 0 _aLiteratura dominicana.
_967
910 _aValidado. Control de calidad. MFF
942 _2ddc
_cLBS1
999 _c9714
_d9714